000 00630nam a2200205Ii 4500
003 JO-AjNU
008 230605s9999||||xx |||||||||||||| ||und||
017 _a2001/18324
040 _aJO-AjNU
_bara
_erda
_cJO-AjNU
041 _aara
050 1 4 _aPJ6696 2001
100 3 _aشلبي، طارق سعد,
_eauthor
_933858
245 0 0 _aمحمد والفتح: قراءة في جماليات البيان القرآني
264 3 1 _aد.م: د.ن، 2001
300 _a409ص
336 _atext
_btxt
_2rdacontent
337 _aunmediated
_bn
_2rdamedia
338 _avolume
_bnc
_2rdacarrier
650 4 _aتحليل لغوي
_933859
999 _aA13823
_c17391
_d17391